|
|
|
|
| LEADER |
03414nam a2200445 a 4500 |
| 001 |
1579746 |
| 003 |
BD-DhAAL |
| 005 |
20260223120738.0 |
| 008 |
090917r20201994enkb b 001 0 eng d |
| 010 |
|
|
|a 93030544
|
| 020 |
|
|
|a 9780521051446
|
| 020 |
|
|
|a 9780521523288
|
| 020 |
|
|
|a 8185618615
|
| 020 |
|
|
|a 0521051444
|
| 020 |
|
|
|a 0521411289
|
| 040 |
|
|
|a DLC
|c DLC
|d DLC
|d BD-DhAAL
|
| 082 |
0 |
0 |
|a 954.140359
|2 20
|
| 100 |
1 |
|
|a Chatterji, Joya.
|9 6066
|
| 245 |
1 |
0 |
|a Bengal divided :
|b Hindu communalism and partition, 1932-1947 /
|c Joya Chatterji.
|
| 250 |
|
|
|a First paperback edition 2002
|
| 260 |
|
|
|a Cambridge, [England] ;
|a New York, NY, USA :
|b Cambridge University Press,
|c 1994 [reprinted 2020].
|
| 300 |
|
|
|a xvii, 303 pages :
|b maps ;
|c 24 cm.
|
| 490 |
0 |
|
|a Cambridge South Asian studies ;
|x 57
|
| 504 |
|
|
|a Includes bibliographical references (pages 275-292) and index.
|
| 526 |
8 |
|
|a RS(Saver Campus)
|x Sabiha Huq, PhD
Professor
Department of English and Humanities
BRAC University
Course Name and No. : N/A
|
| 541 |
1 |
|
|a Karim international, Donated By Akbar Ali Khan (37979), Hye Trade International
|e 00019225, 28607, 37485, 37979, 45355, 45356, 45357
|
| 650 |
|
0 |
|a Communalism
|z India
|z Bengal
|x History.
|9 6067
|
| 651 |
|
0 |
|a Bengal (India)
|z History
|y Partition, 1947.
|9 6068
|
| 830 |
|
|
|a Cambridge South Asian studies ;
|x 57
|
| 852 |
4 |
|
|a Ayesha Abed Library
|j General Stacks
|
| 942 |
|
|
|2 ddc
|c BK
|
| 999 |
|
|
|c 4203
|d 4203
|
| 952 |
|
|
|0 0
|1 0
|2 ddc
|4 0
|6 954_140359000000000_CHA
|7 0
|9 3865
|a BDI
|b BDI
|d 2009-10-04
|l 0
|o 954.140359 CHA
|p 3010019225
|r 2009-10-04
|t 1
|w 2009-10-04
|y BK
|
| 952 |
|
|
|0 0
|1 0
|2 ddc
|4 0
|6 954_140359000000000_CHA
|7 0
|9 44100
|a BRACUL
|b BRACUL
|c GEN
|d 2014-11-18
|e Development Book Agency
|g 1800.00
|l 5
|m 22
|o 954.140359 CHA
|p 3010028607
|r 2025-12-15
|s 2024-12-30
|t 2
|w 2014-11-18
|y BK
|x Replaced the book on 16.10.2018 (Reference: Money Receipt Sl. No. 31564, Date: 17.07.2018)
|
| 952 |
|
|
|0 0
|1 0
|2 ddc
|4 0
|6 954_140359000000000_CHA
|7 0
|9 44751
|a BRACUL
|b BRACUL
|c GEN
|d 2015-01-14
|l 5
|m 43
|o 954.140359 CHA
|p 3010028774
|r 2025-09-24
|s 2025-08-21
|t 3
|w 2015-01-14
|y BK
|
| 952 |
|
|
|0 0
|1 0
|2 ddc
|4 0
|6 954_140359000000000_CHA
|7 0
|9 69339
|a SCL
|b SCL
|c GEN
|d 2021-06-13
|e Karim International
|g 1800.00
|l 10
|m 4
|o 954.140359 CHA
|p 3020037485
|r 2025-11-05
|s 2025-08-31
|t 4
|w 2021-06-13
|y BK
|
| 952 |
|
|
|0 0
|1 0
|2 ddc
|4 0
|6 954_140359000000000_CHA
|7 1
|9 70085
|a BRACUL
|b BRACUL
|c AAKC
|d 2022-03-10
|e Donated by Akbar Ali Khan
|l 0
|o 954.140359 CHA
|p 3010037979
|r 2022-03-10
|t 5
|w 2022-03-10
|y BK
|
| 952 |
|
|
|0 0
|1 0
|2 ddc
|4 0
|6 954_140359000000000_CHA
|7 0
|9 78778
|a BRACUL
|b BRACUL
|c GEN
|d 2026-01-29
|e Hye Trade International
|g 2999.00
|l 0
|o 954.140359 CHA
|p 3010045356
|r 2026-01-29
|t 7
|v 5998.00
|w 2026-01-29
|y BK
|x Requisitioned by Sabiha Huq (Professor, Department of English and Humanities, BRAC University) for the course named- N/A
|
| 952 |
|
|
|0 0
|1 0
|2 ddc
|4 0
|6 954_140359000000000_CHA
|7 0
|9 78779
|a BRACUL
|b BRACUL
|c GEN
|d 2026-01-29
|e Hye Trade International
|g 2999.00
|l 0
|o 954.140359 CHA
|p 3010045355
|r 2026-01-29
|t 6
|v 5998.00
|w 2026-01-29
|y BK
|x Requisitioned by Sabiha Huq (Professor, Department of English and Humanities, BRAC University) for the course named- N/A
|
| 952 |
|
|
|0 0
|1 0
|2 ddc
|4 0
|6 954_140359000000000_CHA
|7 0
|9 78780
|a BRACUL
|b BRACUL
|c GEN
|d 2026-01-29
|e Hye Trade International
|g 2999.00
|l 0
|o 954.140359 CHA
|p 3010045357
|r 2026-01-29
|t 8
|v 5998.00
|w 2026-01-29
|y BK
|x Requisitioned by Sabiha Huq (Professor, Department of English and Humanities, BRAC University) for the course named- N/A
|